000 00505nam a2200181Ia 4500
003 LK-CoDNM
008 010623t2011 xxu||||| |||| 00| 1 sin d
040 _aLK-CoDNM
_dLK-CoDNM
_eLK-CoDNM
041 _asin
080 _a159.9 SAL
100 _aKularathna,Nishantha
_etr.
245 _aආදරයේ සහ වෛරයේ ස්වරූප
246 _aAdaraye saha Wayraye Swarupa
260 _bSanhida
_aNugegoda
_c2011
300 _b309, iill, 21 cm
700 _aSalecl,Renata
942 _cBK
999 _c130836
_d130836